Una introducción a Francisco Súarez
Guardat en:
| Autor principal: | |
|---|---|
| Format: | Llibre |
| Idioma: | espanyol |
| Publicat: |
Pamplona
Universidad de Navarra
1977
|
| Matèries: | |
| Etiquetes: |
Afegir etiqueta
Sense etiquetes, Sigues el primer a etiquetar aquest registre!
|
MARC
| LEADER | 00000nam a2200000 a 4500 | ||
|---|---|---|---|
| 001 | UCS8404 | ||
| 003 | CL-VaPUC | ||
| 008 | 971031e19770000SP |||||||||||||||||spa|d | ||
| 082 | 0 | 4 | |a 340.109 |b LAR |2 21 |
| 100 | 0 | |a Larrainzar, Carlos |e author |9 393266 | |
| 245 | 1 | 4 | |a Una introducción a Francisco Súarez |
| 300 | |a 176 p | ||
| 942 | |c BK | ||
| 945 | |d 19971031 00:00:00 |a aolguin | ||
| 260 | |a Pamplona |b Universidad de Navarra |c 1977 | ||
| 600 | 0 | |a Suárez, Francisco, |c S.I. |9 255840 | |
| 650 | 0 | |a Pensamiento jurídico |9 255517 | |
| 650 | 0 | |a Filosofía del derecho |9 255050 | |
| 650 | 0 | |a Biografías |9 255210 | |
| 650 | 7 | |a BIBLIOGRAFIA |2 CL-VaPUC |9 256175 | |
| 650 | 0 | |a Teoría de la ley |9 354245 | |
| 650 | 7 | |a GNOSEOLOGIA |2 CL-VaPUC |9 393267 | |
| 650 | 0 | |a Tomismo |9 259214 | |
| 650 | 0 | |a Teología |9 258766 | |
| 583 | |a last modification |c 19971031 00:00:00 |k Rodrigo Vera | ||
| 999 | |c 262833 |d 262831 | ||
| 952 | |0 0 |1 0 |4 0 |6 340_109000000000000_LAR_1977 |7 0 |8 DER_TF |9 291735 |a BIBDER |b BIBDER |d 2019-11-19 |i 1897756 |o 340.109 LAR 1977 |p 1897756 |r 2023-01-25 |w 2019-11-19 |x Ubicación 4to Piso |y BK |z Estos recursos deben solicitarse con anticipación |k DER | ||